书目信息 |
| 题名: |
景观红皮书
|
|
| 作者: | 江锋 主编 | |
| 分册: | Ⅲ 公寓社区 | |
| 出版信息: | 天津 天津大学出版社 2014.01 |
|
| 页数: | 287页 | |
| 开本: | 31cm | |
| 丛书名: | ||
| 单 册: | ||
| 中图分类: | TU-856 , TU984.12-64 , TU983-64 | |
| 科图分类: | ||
| 主题词: | 景观设计--环境设计--图集 , 住宅区规划--景观设计--图集 , 景观设计 , 环境设计 , 住宅区规划 , 区域规划 , 城乡规划 | |
| 电子资源: | ||
| ISBN: | 978-7-5618-4919-4 | |
| 000 | 01021nam0 2200337 450 | |
| 001 | 0120141282042 | |
| 005 | 20140609085914.18 | |
| 010 | @a978-7-5618-4919-4@dCNY227.00,CNY908.00(全4册) | |
| 100 | @a20140423d2014 em y0chiy50 ea | |
| 101 | 0 | @achi |
| 102 | @aCN@b120000 | |
| 105 | @aa z 000yy | |
| 106 | @ar | |
| 200 | 1 | @a景观红皮书@9jing guan hong pi shu@hⅢ@h4@i公寓社区@f江锋主编 |
| 210 | @a天津@c天津大学出版社@d2014.01 | |
| 215 | @a287页@c图@d31cm | |
| 330 | @a本书主要内容包括:中国北方万科·蓝山;美国华盛顿林荫大道;中国广州亚运村;中国广州凯旋新世界L13区等。 | |
| 333 | @a景观设计相关人员 | |
| 606 | 0 | @a景观设计@x环境设计@j图集 |
| 606 | 0 | @a住宅区规划@x景观设计@j图集 |
| 606 | 0 | @a景观设计 |
| 606 | 0 | @a环境设计 |
| 606 | 0 | @a住宅区规划 |
| 606 | 0 | @a区域规划 |
| 606 | 0 | @a城乡规划 |
| 690 | @aTU-856@v5 | |
| 690 | @aTU984.12-64@v5 | |
| 690 | @aTU983-64@v4 | |
| 701 | 0 | @a江锋@9jiang feng@4主编 |
| 801 | 0 | @aCN@b人天书店@c20140423 |
| 905 | @b548547-48@dTU983-64@e650:3(1)@f2 | |
| 景观红皮书.Ⅲ.4.公寓社区/江锋主编.-天津:天津大学出版社,2014.01 |
| 287页:图;31cm |
| 使用对象:景观设计相关人员 |
| ISBN 978-7-5618-4919-4:CNY227.00,CNY908.00(全4册) |
| 本书主要内容包括:中国北方万科·蓝山;美国华盛顿林荫大道;中国广州亚运村;中国广州凯旋新世界L13区等。 |
| ● |
| 相关链接 |
|
|
|
|
正题名:景观红皮书
索取号:TU983-64/650:3(1)
 
预约/预借
| 序号 | 登录号 | 条形码 | 馆藏地/架位号 | 状态 | 备注 |
| 1 | 548547 | 205485474 | 第二样本阅览室/ [索取号:TU983-64/650:3(1)] | 在馆 | |
| 2 | 548548 | 205485483 | 第三借阅区/ [索取号:TU983-64/650:3(1)] | 在馆 |